| 000 | 00530nam a2200229 a 4500 | ||
|---|---|---|---|
| 001 | nice12345678 | ||
| 003 | IN_TiNIC | ||
| 005 | 20260116011822.0 | ||
| 008 | 050524s1934 egya grp 000 0 ara | ||
| 020 |
_a _c100 |
||
| 082 | 0 | 0 |
_a244 _bNIL |
| 245 | _aDalil-Ul-Musafir | ||
| 260 |
_aEgypt _bNile Press _c1934 |
||
| 300 | _a79p | ||
| 500 | _aincludes index and biblioraphy | ||
| 505 | 2 | _aReserve copies | |
| 650 | _aChristianity-Miscellany | ||
| 710 | 2 | _aNile Press | |
| 902 | _bRBA | ||
| 942 | _cBK | ||
| 999 |
_c4182 _d4182 |
||